| 000 | 00431nam a2200169Ia 4500 | ||
|---|---|---|---|
| 005 | 20240701030256.0 | ||
| 008 | 240331s9999 xx 000 0 und d | ||
| 020 | _a1557866031 | ||
| 082 |
_a149 _bCHA |
||
| 100 | _aCahoone, L.E | ||
| 245 | 0 |
_aFrom modernism to postmodernism : _ban anthology |
|
| 260 |
_aUK _bBlackwell Publishers Ltd _c1996 |
||
| 300 | _axvi, 731 p ., | ||
| 650 | _aCivilization | ||
| 650 | _aCritics | ||
| 942 | _cL | ||
| 999 |
_c726 _d726 |
||